1937 1380 1665 1470 1282 1193 1055 1016 1923 1170 1342 1841 1957 1527 1881 1120 1542 1649 1550 1434 1729 1664 1562 1318 1293 1060 1294 1163 1089 1612 1772 1787 1233 1520 1554 1615 1581 1067 1959 1628 1874 1887 1591 1419 1739 1649 1763 1824 1872 1779 1297 1709 1672 1021 1160 1883 1338 1202 1819 1608 1652 1068 1694 1411 1236 1991 1584 1412 1475 1887 1082 1670 1538 1349 1494 1915 1215 1561 1875 1474 1162 1644 1164 1003 1490 1274 1660 1994 1817 1555 1300 1456 1452 1424 1990 1438 1362 1900 1138 BCNSPRNW ULIB Ver.6.0+V

เปลี่ยนเป็นภาษาไทย

Change to English
 แสดงรายละเอียดบรรณานุกรม
  กลับหน้าหลัก

Brief Record : Get Marc (ISO 2709) : E-mail record : QR code < ปิดหน้าต่าง
LEADER : 00000nam 2200000uu 4500
001    13399112361
003     ULIB
008    110807s2554||||th 000 0 tha d
020    9786167495057
060  4 WY152^bผ225พ 2554
100 0  ผ่องพรรณ อรุณแสง
245 10 การพยาบาลปัญหาสำคัญของผู้สูงอายุ :^bการนำใช้ /^cผ่องพรรณอรุณแสง
250    พิมพ์ครั้งที่ 1
260    ขอนแก่น :^bโรงพิมพ์คลังนานาวิทยา,^c2554
300    ก-ฒ, 290 หน้า
500    ^"ผู้จัดทำสังกัดคณะพยาบาลศาสตร์ มหาวิทยาลัยขอนแก่น^"
650  7 การพยาบาลผู้สูงอายุ
650  7 ผู้สูงอายุ^xการดูแล
650  7 วัยชรา^xการดูแล
945    ^p300^l0^i18477
945    ^p300^l0^i18478
945    ^p300^l0^i18479
945    ^p300^l0^i18828
945    ^p300^l0^i18829
945    ^p300^l0^i18830
945    ^p300^l0^i18831
945    ^p300^l0^i18867
995    กัณชพร
999 ^a ใช้งานได้ทุกระบบ
รายการนี้ยังไม่มีแท็ก
คุณยังไม่ได้ล็อกอิน คุณสามารถมีกิจกรรมร่วมกับเว็บไซต์ได้ แต่ต้องล็อกอินก่อน ::
  ล็อกอิน

รายการสื่อสารสนเทศ

ลำดับที่ ประเภท เลขเรียก/บาร์โค้ด สถานที่ สถานะ
1. วิทยาศาสตร์การแพทย์ และสุขภาพ
วิทยาศาสตร์การแพทย์ และสุขภาพ
สถานะ=หนังสือเก่า
WY152 ผ225พ 2554  
  Barcode: 18477
ห้องสมุดวิทยาเขตนครสวรรค์
►ส่วนจัดเก็บหนังสือเก่า นว.
บนชั้น
  ขอยืม
2. วิทยาศาสตร์การแพทย์ และสุขภาพ
วิทยาศาสตร์การแพทย์ และสุขภาพ
สถานะ=หนังสือเก่า
WY152 ผ225พ 2554 ฉ.2 
  Barcode: 18478
ห้องสมุดวิทยาเขตนครสวรรค์
►ส่วนจัดเก็บหนังสือเก่า นว.
บนชั้น
  ขอยืม
3. วิทยาศาสตร์การแพทย์ และสุขภาพ
วิทยาศาสตร์การแพทย์ และสุขภาพ
สถานะ=หนังสือเก่า
WY152 ผ225พ 2554 ฉ.3 
  Barcode: 18479
ห้องสมุดวิทยาเขตนครสวรรค์
►ส่วนจัดเก็บหนังสือเก่า นว.
บนชั้น
  ขอยืม
4. วิทยาศาสตร์การแพทย์ และสุขภาพ
วิทยาศาสตร์การแพทย์ และสุขภาพ
สถานะ=หนังสือเก่า
WY152 ผ225พ 2554 ฉ.4 
  Barcode: 18828
ห้องสมุดวิทยาเขตนครสวรรค์
►ส่วนจัดเก็บหนังสือเก่า นว.
บนชั้น
  ขอยืม
5. วิทยาศาสตร์การแพทย์ และสุขภาพ
วิทยาศาสตร์การแพทย์ และสุขภาพ
สถานะ=หนังสือเก่า
WY152 ผ225พ 2554 ฉ.5 
  Barcode: 18829
ห้องสมุดวิทยาเขตนครสวรรค์
►ส่วนจัดเก็บหนังสือเก่า นว.
บนชั้น
  ขอยืม
6. วิทยาศาสตร์การแพทย์ และสุขภาพ
วิทยาศาสตร์การแพทย์ และสุขภาพ
สถานะ=หนังสือเก่า
WY152 ผ225พ 2554 ฉ.6 
  Barcode: 18830
ห้องสมุดวิทยาเขตนครสวรรค์
►ส่วนจัดเก็บหนังสือเก่า นว.
บนชั้น
  ขอยืม
7. วิทยาศาสตร์การแพทย์ และสุขภาพ
วิทยาศาสตร์การแพทย์ และสุขภาพ
สถานะ=หนังสือเก่า
WY152 ผ225พ 2554 ฉ.7 
  Barcode: 18831
ห้องสมุดวิทยาเขตนครสวรรค์
►ส่วนจัดเก็บหนังสือเก่า นว.
บนชั้น
  ขอยืม
8. วิทยาศาสตร์การแพทย์ และสุขภาพ
วิทยาศาสตร์การแพทย์ และสุขภาพ
สถานะ=หนังสือเก่า
WY152 ผ225พ 2554 ฉ.8 
  Barcode: 18867
ห้องสมุดวิทยาเขตนครสวรรค์
►ส่วนจัดเก็บหนังสือเก่า นว.
บนชั้น
  ขอยืม

รายการใกล้เคียง
    ผู้แต่ง [ผ่องพรรณ อรุณแสง]

    หัวเรื่อง [การพยาบาลผู้สูงอายุ]
    หัวเรื่อง [ผู้สูงอายุ การดูแล]

BibComment


ยังไม่เคยถูกคอมเมนท์

คอมเมนท์ทรัพยากรรายการนี้
  คอมเมนท์: การพยาบาลปัญหาสำค..


 Copyright 2026. Bcnsprnw @Library